| 000 | 00934nam a2200229 a 4500 | ||
|---|---|---|---|
| 008 | 170526s2013 ||||||||||||||||| || u | ||
| 020 | _a9781446260111 | ||
| 020 | _a1446260119 | ||
| 020 | _a1446260100 | ||
| 020 | _a9781446260104 | ||
| 050 | _aBF 636.6 Und | ||
| 100 | _aBright, Graham | ||
| 245 | 1 | 0 |
_aUnderstanding research in counselling _cEdited by Graham Bright and Gill Harrison. _h[unmediated] |
| 260 |
_aLondon: _bSAGE Publications _c2013 |
||
| 300 | _avii, 184 pages : illustrations ; 25 cm. | ||
| 350 | _a49.13 | ||
| 490 | _aCounselling and psychotherapy series | ||
| 500 | _aSeries statement from p. [4] of cover. Includes bibliographical references and index. | ||
| 650 | _aCOUNSELLING--RESEARCH | ||
| 700 | _aHarrison, Gill | ||
| 995 |
_aMEDICAL LIBRARY OPEN ACCESS _e904058 _FCBU-SCHOOL OF MEDICINE LIBRARY (Ndola) _I49.13 _jBF 636.6 Und _M1 _UAVAILABLE _WMay 26, 2017 _y904058 _ZMedical Library Open Access Collection |
||
| 999 |
_c32956 _d32956 |
||